The feminine principle; a woman's discovery of the key to total fulfillment. (Record no. 16439)

000 -LEADER
fixed length control field 00553nam a2200169 a 4500
001 - CONTROL NUMBER
control field :::00019332$&:&@@
003 - CONTROL NUMBER IDENTIFIER
control field OkBaRHE
005 - DATE AND TIME OF LATEST TRANSACTION
control field 20010308141248.0
008 - FIXED-LENGTH DATA ELEMENTS--GENERAL INFORMATION
fixed length control field s1975 j 000 0 eng u
040 ## - CATALOGING SOURCE
Transcribing agency
100 1# - MAIN ENTRY--PERSONAL NAME
Personal name Miles, Judith M.
245 14 - TITLE STATEMENT
Title The feminine principle; a woman's discovery of the key to total fulfillment.
260 ## - PUBLICATION, DISTRIBUTION, ETC. (IMPRINT)
Place of publication, distribution, etc Minneapolis, Minnesota
Name of publisher, distributor, etc Bethany Fellowship, Inc.
Date of publication, distribution, etc 1975
300 ## - PHYSICAL DESCRIPTION
Extent 154 p.
942 ## - ADDED ENTRY ELEMENTS (KOHA)
Source of classification or shelving scheme
Koha item type Books
Copies
Not for loan Permanent Location Copy number Koha item type Damaged status Price effective from Source of classification or shelving scheme Full call number Date last seen Date acquired Barcode Shelving location Lost status Withdrawn status
 RHEMA Bible Training College1Books 2010-04-14 HQ 1206 .M462010-04-142010-04-1419332General Stacks